• 首页
  • 本馆介绍
  • 公告通知
  • 最新文献
  • 馆藏检索
  • 电子资源
  • 读者导购
  • 参考咨询
  • 我的图书馆
  • 登录
  • 详细信息显示
  • 放入我的书架
  • 预约/预借图书
  • 作者相关作品
  • 分类相关作品
  • 丛书相关作品
  • 出版社相关作品

书目信息

  • 表格格式
  • 工作单格式
  • 卡片格式
题名:
大萧条前夜的繁荣与疯狂
    
 
作者: 布莱森 著 ;闾佳 译
分册:  
出版信息: 南京   江苏凤凰文艺出版社  2021
页数: 517页
开本: 22cm
丛书名:
单 册:
中图分类: K712.520.9 , K712.52
科图分类:
主题词: 历史--美国--1927--通俗读物
电子资源:
ISBN: 978-7-5594-6013-4
000 01109nam0 2200277 450
001 2253252480
005 20220927144751.68
010    @a978-7-5594-6013-4@dCNY69.90
100    @a20211209d2021 em y0chiy50 ea
101 1  @achi@ceng
102    @aCN@b320100
105    @ay z 000yy
200 1  @a大萧条前夜的繁荣与疯狂@9da xiao tiao qian ye de fan rong yu feng kuang@dOne summer America 1927@f(英)比尔·布莱森(Bill Bryson)著@g闾佳译@zeng
210    @a南京@c江苏凤凰文艺出版社@d2021
215    @a517页@d22cm
300    @a读客
305    @a读客文化股份有限公司拥有本书中文(简体)版权
330    @a本书从美国1927年一个夏天发生的事件切入,讲述了整个1920年代的繁荣、荒诞与疯狂。作者比尔·布莱森带我们穿越到大萧条爆发的前夜,沉浸式当年真实的美国社会。在这些浮华和疯狂的背后,大萧条正逐渐蔓延到美国社会的各个角落......
510 1  @aOne summer America 1927@zeng
606 0  @a历史@y美国@z1927@j通俗读物
690    @aK712.520.9@v5
690    @aK712.52@v4
701  0 @c(英)@a布莱森@9bu lai sen@c(Bryson, Bill@4著
702  0 @a闾佳@9lu jia@4译
801  0 @aCN@b91MARC@c20211226
905    @aZUCC@dK712.52@e2
    
    大萧条前夜的繁荣与疯狂=One summer America 1927/(英)比尔·布莱森(Bill Bryson)著/闾佳译.-南京:江苏凤凰文艺出版社,2021
    517页;22cm
    读客
    
    ISBN 978-7-5594-6013-4:CNY69.90
    本书从美国1927年一个夏天发生的事件切入,讲述了整个1920年代的繁荣、荒诞与疯狂。作者比尔·布莱森带我们穿越到大萧条爆发的前夜,沉浸式当年真实的美国社会。在这些浮华和疯狂的背后,大萧条正逐渐蔓延到美国社会的各个角落......
●
相关链接 在五车中查询图书 在当当中查询图书 在豆瓣中查询图书


正题名:大萧条前夜的繁荣与疯狂     索取号:K712.52/2         预约/预借

序号 登录号 条形码 馆藏地/架位号 状态 备注
1 2000902837   2000902837   第三书库/ [索取号:K712.52/2] 在馆    
2 2000902838   2000902838   第三书库/ [索取号:K712.52/2] 在馆    
3 2000902839   2000902839   第三书库/ [索取号:K712.52/2] 在馆    
山东省滨州职业学院图书馆 欢迎您!
大连网信软件有限公司© 版权所有